কালকূট রচনা সমগ্র / (Record no. 49207)
[ view plain ]
| 000 -LEADER | |
|---|---|
| fixed length control field | 00975nam a2200241 a 4500 |
| 001 - CONTROL NUMBER | |
| control field | 49207 |
| 003 - CONTROL NUMBER IDENTIFIER | |
| rucl marc code | BD-RjUL |
| 005 - DATE AND TIME OF LATEST TRANSACTION | |
| control field | 20211209054641.0 |
| 008 - FIXED-LENGTH DATA ELEMENTS--GENERAL INFORMATION | |
| fixed length control field | 160818r19961987ii ||||| |||| 00| 0 ben d |
| 020 ## - INTERNATIONAL STANDARD BOOK NUMBER | |
| Terms of availability | : TK 150.00 (V-1) |
| 035 ## - SYSTEM CONTROL NUMBER | |
| System control number | (BD-RjUL) 49326 |
| 040 ## - CATALOGING SOURCE | |
| Original cataloging agency | BD-RjUL |
| Language of cataloging | ben |
| Transcribing agency | BD-RjUL |
| 041 ## - LANGUAGE CODE | |
| Language code of text/sound track or separate title | ben |
| 082 ## - DEWEY DECIMAL CLASSIFICATION NUMBER | |
| Edition number | 23 |
| Classification number | 891.4408 |
| Author mark and year | KAL 1996 |
| 245 00 - TITLE STATEMENT | |
| Title | কালকূট রচনা সমগ্র / |
| Statement of responsibility, etc. | নিতাই বসু সম্পাদিত |
| 260 ## - PUBLICATION, DISTRIBUTION, ETC. (IMPRINT) | |
| Place of publication, distribution, etc. | কলকাতা : |
| Name of publisher, distributor, etc. | মৌসুমী প্রকাশনী, |
| Date of publication, distribution, etc. | ১৯৮৭ [পুনঃমুদ্রণ ১৯৯৬] |
| 300 ## - PHYSICAL DESCRIPTION | |
| Pagination | খণ্ড. ; |
| Size | ২১ সেমি. |
| 505 0# - FORMATTED CONTENTS NOTE | |
| Formatted contents note | খণ্ড.- ১ -- খন্ড. ২ -- খন্ড. ৩ -- |
| 650 ## - SUBJECT ADDED ENTRY--TOPICAL TERM | |
| Topical term or geographic name as entry element | বাংলা প্রবন্ধ |
| General subdivision | সংগ্রহ |
| 9 (RLIN) | 122902 |
| Topical term or geographic name as entry element | Bengali Essay |
| General subdivision | Collected works |
| 9 (RLIN) | 118004 |
| 700 ## - ADDED ENTRY--PERSONAL NAME | |
| Personal name | বসু , নিতাই, সম্পাদক |
| 942 ## - ADDED ENTRY ELEMENTS (KOHA) | |
| Source of classification or shelving scheme | Dewey Decimal Classification |
| Koha item type | Books |
| Lost status | Source of classification or shelving scheme | Damaged status | Not for loan | Collection code | Permanent Location | Current Location | Shelving location | Date acquired | Source of acquisition | Cost, normal purchase price | Total Checkouts | Full call number | Date last seen | Copy number | Koha item type |
|---|---|---|---|---|---|---|---|---|---|---|---|---|---|---|---|
| Dewey Decimal Classification | Fiction | Central Library, University of Rajshahi | Central Library, University of Rajshahi | 28/01/1997 | Aunkur prakashani, Dhaka | 150.00 | B 891.4408 KAL V-1 1996 | 18/08/2016 | C-2 | Books | |||||
| Dewey Decimal Classification | Fiction | Central Library, University of Rajshahi | Central Library, University of Rajshahi | 31/12/1996 | Ankur. | 150.00 | B 891.4408 KAL V-2 1996 | 06/11/2016 | C-2 | Books | |||||
| Dewey Decimal Classification | Not For Loan | Fiction | Central Library, University of Rajshahi | Central Library, University of Rajshahi | Reading Room | 28/01/1997 | Ankur Prakaskani, Dhaka | 150.00 | B 891.4408 KAL V-3 1996 | 02/05/2017 | C-1 | Books | |||
| Dewey Decimal Classification | Not For Loan | Fiction | Central Library, University of Rajshahi | Central Library, University of Rajshahi | Reading Room | 31/12/1996 | Ankur. | 150.00 | B 891.4408 KAL V-2 1996 | 04/05/2017 | C-1 | Books | |||
| Dewey Decimal Classification | Fiction | Central Library, University of Rajshahi | Central Library, University of Rajshahi | Reading Room | 28/01/1997 | Angkur book , Dhaka | 150.00 | B 891.4408 KAL 1996 V-1 | 05/01/2021 | C-1 | Books |